000 00364 a2200157 4500
001 50160
020 _a8572722238
040 _cAnchieta - Bela Vista
100 _aHohfeldt, Antônio
240 1 0 _aO velhinho que virou criança
_lpor
245 1 0 _aO velhinho que virou criança
300 _a44
362 0 _a2006
650 4 _aLiteratura juvenil
942 _cBK
999 _c50160
_d50160